The Buffalo trace / (Record no. 59254)

MARC details
000 -LEADER
campo de control de longitud fija 00501nam a2200169 i 4500
001 - NÚMERO DE CONTROL
campo de control 59254
003 - IDENTIFICADOR DE NÚMERO DE CONTROL
campo de control ES-MaACL
005 - FECHA Y HORA DE LA ÚLTIMA TRANSACCIÓN
campo de control 20230906164010.0
007 - CAMPO FIJO DE DESCRIPCIÓN FÍSICA--INFORMACIÓN GENERAL
campo de control de longitud fija t|
008 - DATOS DE LONGITUD FIJA--INFORMACIÓN GENERAL
campo de control de longitud fija 031028s1955 xxu ||||1| eng d
100 1# - ENTRADA PRINCIPAL--NOMBRE DE PERSONA
Nombre de persona Eifert, Virginia S.
9 (RLIN) 46824
245 14 - MENCIÓN DEL TÍTULO
Título The Buffalo trace /
Mención de responsabilidad, etc. by Virginia S. Eifert ; illustrated by Manning de V. Lee.
260 ## - PUBLICACIÓN, DISTRIBUCIÓN, ETC.
Lugar de publicación, distribución, etc. New York :
Nombre del editor, distribuidor, etc. Dodd, Mead & Company,
Fecha de publicación, distribución, etc. 1955.
300 ## - DESCRIPCIÓN FÍSICA
Extensión XII, 193 p., 5 lám.
700 1# - ENTRADA AGREGADA--NOMBRE PERSONAL
Nombre de persona Lee, V.
9 (RLIN) 71194
852 ## - LOCALIZACIÓN
Ubicación ES-MaACL
Número de control de estantería C-25210
Sublocalización o colección R.53910
Holdings
Estatus retirado Estado de pérdida Estado de daño No para préstamo Biblioteca de origen Biblioteca actual Ubicación en estantería Fecha de adquisición Fuente de adquisición Total de préstamos Signatura topográfica completa Código de barras Visto por última vez Precio de reemplazo Tipo de ítem Koha
        Biblioteca del Ateneo de Madrid Biblioteca del Ateneo de Madrid Depósito 2 17/01/2008     C-25210 1062156 23/02/2023 23/02/2023 Libro impreso